[Event "Landesjugendeinzelmeisterschaft M-V u16"]
[Site "Malchow 2024"]
[Date "2024.02.07"]
[Round "7.8"]
[White "Hampe, Florian"]
[Black "Pommerehnke, Marla"]
[Result "1/2-1/2"]
[WhiteElo "1220"]
[BlackElo "1112"]
[Time "08:30:00"]
[WhiteTeam "Lok Gymnas Pritzwalk"]
[BlackTeam "TuS Makkabi Rostock"]

1.d4 Nf6 2.c4 g6 3.Nc3 Bg7 4.Nf3 d6 5.e4 Nbd7 6.Bg5 O-O 7.Qd2 Re8 8.Be2 e5 9.d5
c6 10.dxc6 Nc5 11.Qc2 bxc6 12.O-O Qc7 13.Rad1 h6 14.Bh4 g5 15.Bg3 Nh5 16.Nd2
Nxg3 17.fxg3 Be6 18.Nb3 Qb6 19.Kh1 Red8 20.Nxc5 Qxc5 21.b3 Qa5 22.Bh5 Qc7 23.Rf3
Rf8 24.Qd3 Rad8
1/2-1/2

[Event "Landesjugendeinzelmeisterschaft M-V u16"]
[Site "Malchow 2024"]
[Date "2024.02.07"]
[Round "7.10"]
[White "Tadewaldt, Stanley Fiete"]
[Black "Lantow, Alexander"]
[Result "0-1"]
[WhiteElo "1287"]
[BlackElo "1216"]
[Time "08:30:00"]
[WhiteTeam "SAV Torgelow-DrÃ¶geheide 90"]
[BlackTeam "SSC Rostock 07"]

1.e4 e5 2.Nf3 Nc6 3.Bc4 Bc5 4.c3 Nf6 5.d4 exd4 6.e5 Ng8 7.cxd4 Bb4+ 8.Bd2 Bxd2+
9.Nbxd2 d6 10.O-O dxe5 11.dxe5 Nge7 12.Re1 O-O 13.Qc2 Ng6 14.a3 Re8 15.Qc3 Be6
16.Bxe6 Rxe6 17.Rad1 Qe7 18.h3 Re8 19.Qb3 b6 20.Nc4 Ngxe5 21.Ncxe5 Nxe5 22.Nxe5
Rxe5 23.Rxe5 Qxe5 24.Qc2 g6 25.b4 Kf8 26.Rc1 Rc8 27.Qc6 Qb2 28.Qc3 Qxc3 29.Rxc3
c5 30.Kf1 Ke7 31.Ke2 Kd6 32.bxc5+ Rxc5 33.Rxc5 Kxc5 34.Kd3 Kb5 35.Kc3 Ka4 36.Kb2
a5 37.f3 b5 38.g3 b4 39.axb4 Kxb4 40.f4 Kc4 41.g4 Kd4 42.f5 gxf5
0-1

[Event "Landesjugendeinzelmeisterschaft M-V u18"]
[Site "Malchow 2024"]
[Date "2024.02.07"]
[Round "7.1"]
[White "Wiechhusen, Laurin-Elias"]
[Black "Scharf, Christian"]
[Result "0-1"]
[WhiteElo "1640"]
[BlackElo "1557"]
[Time "08:30:00"]
[WhiteTeam "SF Schwerin"]
[BlackTeam "SG GÃ¼strow/Teterow"]

1.Nf3 c5 2.c4 Nf6 3.g3 d5 4.Bg2 Nc6 5.cxd5 Nxd5 6.O-O e5 7.Qb3 Nb6 8.Nc3 Be6
9.Qd1 Be7 10.d3 f6 11.b3 O-O 12.Nd2 Nd5 13.Nxd5 Bxd5 14.f4 Bxg2 15.Kxg2 Qd5+
16.Nf3 e4 17.dxe4 Qxe4 18.Bb2 Rad8 19.Qe1 Nb4 20.Qb1 Nc2 21.a3 f5 22.Kf2 Qe3+
23.Kg2 Nxa1 24.Qxa1 Bf6 25.Bxf6 Rxf6 26.Qb2 Rfd6 27.Rf2 Qe4 28.Qc3 b6
0-1

[Event "Landesjugendeinzelmeisterschaft M-V u18"]
[Site "Malchow 2024"]
[Date "2024.02.07"]
[Round "7.2"]
[White "Gorski, Paul Peter"]
[Black "Tovmasyan, Minas"]
[Result "0-1"]
[WhiteElo "1516"]
[BlackElo "1779"]
[Time "08:30:00"]
[WhiteTeam "Think Rochade - SC HRO"]
[BlackTeam "TuS Makkabi Rostock"]

1.d4 Nf6 2.c4 c5 3.d5 b5 4.cxb5 a6 5.bxa6 g6 6.Nc3 Bg7 7.e4 d6 8.Bb5+ Nbd7 9.a4
Qa5 10.Bd2 Bxa6 11.Bc6 Rb8 12.Nb5 Qd8 13.Qc2 O-O 14.Nf3 Ng4 15.Rb1 Nde5 16.Nxe5
Nxe5 17.b4 Nxc6 18.dxc6 Bxb5 19.axb5 Rxb5 20.bxc5 Rxc5 21.Qa4 Qa8 22.Qxa8 Rxa8
23.Ke2 Rxc6 24.Rhc1 Rxc1 25.Rxc1 Bf6 26.Bh6 Bg7 27.Bxg7 Kxg7 28.Rc3 Ra2+ 29.Kf3
Ra1 30.Kf4 Rg1 31.Kg3 h5 32.Rc7 Kf6 33.f3 Rd1 34.Kf4 Rd2 35.Kg3 Ra2 36.h4 Ke6
37.Rb7 f5 38.Rb5 fxe4 39.fxe4 Kf6 40.Rd5 Ra3+ 41.Kf2 Rc3 42.g3 Rc5 43.Rd3 Ke5
44.Kf3 e6 45.Rb3 Ra5 46.Ke3 Ra4 47.Rb5+ d5 48.exd5 exd5 49.Rb3 Re4+ 50.Kf3 Rg4
51.Rb6 Kd4 52.Rb4+ Kc3 53.Rxg4 hxg4+ 54.Kxg4 d4 55.Kg5 d3 56.Kxg6 d2 57.g4 d1=Q
58.g5 Qd3+ 59.Kh6 Qd8 60.h5 Qh8+ 61.Kg6 Kd4 62.h6 Ke5 63.Kf7 Qh7+ 64.Kf8 Ke6
0-1

[Event "Landesjugendeinzelmeisterschaft M-V u18"]
[Site "Malchow 2024"]
[Date "2024.02.07"]
[Round "7.3"]
[White "Schott, Andy"]
[Black "Krause, Enrico"]
[Result "1/2-1/2"]
[WhiteElo "1665"]
[BlackElo "1619"]
[Time "08:30:00"]
[WhiteTeam "SG GÃ¼strow/Teterow"]
[BlackTeam "Think Rochade - SC HRO"]

1.c4 c6 2.Nf3 d5 3.e3 Nf6 4.Nc3 Bf5 5.b3 e6 6.Bb2 Be7 7.Be2 h6 8.Rc1 Nbd7 9.O-O
O-O 10.d3 Bh7 11.h3 Re8 12.Re1 a6 13.Bf1 Qc7 14.d4 Rac8 15.Bd3 Bxd3 16.Qxd3 Bb4
17.a3 Bxc3 18.Bxc3 Ne4 19.Re2 Ndf6 20.Be1 Qb8 21.c5 Nd7 22.b4 e5 23.Nh4 exd4
24.exd4 Qf4 25.Rd1 Qxh4 26.f3 Ng3 27.Rxe8+ Rxe8 28.f4 Qxf4 29.Bxg3 Qe3+ 30.Bf2
Qxd3 31.Rxd3 Re2 32.Kf1 Ra2 33.Re3 Nf6 34.Re7 Ne4 35.Be3 Rxa3 36.Ke2 Rb3 37.Rxb7
a5 38.Rb6 Rxb4 39.Rxc6 Rc4 40.Rc8+ Kh7 41.Rd8 a4 42.Ra8 Kg6 43.Ra6+ f6 44.Ra7
Nc3+ 45.Kd3 Nb5 46.Ra5 Na3 47.c6 Rxc6 48.Rxd5 Nc4 49.Bd2 Nxd2 50.Kxd2 Ra6 51.Kc2
Ra7 52.Kb2 a3+ 53.Ka2 Kf7 54.Rd6 Ke7 55.Rb6 Kd7 56.g4 Ke7 57.Rc6 Kf7 58.d5 Ke7
59.Re6+ Kd7 60.Rb6 Ra5 61.Rb7+ Kd6 62.Rxg7 Rxd5 63.Rg6 Rd2+ 64.Kxa3 Rd3+ 65.Kb2
Rxh3 66.Rxf6+ Ke5 67.Rf5+ Ke4 68.Rh5 Rxh5
1/2-1/2

[Event "Landesjugendeinzelmeisterschaft M-V u18"]
[Site "Malchow 2024"]
[Date "2024.02.07"]
[Round "7.4"]
[White "Lippitz, Jaden"]
[Black "KÃ¶pnick, Amanda"]
[Result "1-0"]
[WhiteElo "1633"]
[BlackElo "1355"]
[Time "08:30:00"]
[WhiteTeam "SG GÃ¼strow/Teterow"]
[BlackTeam "TuS Makkabi Rostock"]

1.e4 e5 2.Nf3 Nc6 3.Bc4 Bc5 4.c3 Nf6 5.d4 exd4 6.e5 Ng4 7.cxd4 Bb4+ 8.Nc3 d5
9.Bb5 Bd7 10.h3 Nh6 11.Bxh6 gxh6 12.a3 Bxc3+ 13.bxc3 a6 14.Bd3 Qe7 15.Qb3 O-O-O
16.Rb1 Na5 17.Qxd5 Bb5 18.Qe4 Bxd3 19.Qxd3 f6 20.Qf5+ Kb8 21.Qxf6 Qxf6 22.exf6
Rhf8 23.O-O Rxf6 24.Ne5 Kc8 25.g3 h5 26.f4 Rg8 27.Kg2 Nc6 28.Nxc6 Rxc6 29.Rf3
Re8 30.Kf2 Rce6 31.g4 h4 32.f5 Re2+ 33.Kg1 R2e3 34.Kg2 Re2+ 35.Kg1 Ra2 36.f6
Rae2 37.Rbf1 Kd7 38.g5 b6 39.f7 Rf8 40.Rf4 Re7 41.Kg2 Ke6 42.Re1+ Kd7 43.Rxe7+
Kxe7 44.Kf3 Rxf7 45.Rxf7+ Kxf7 46.Kg4 c6 47.Kxh4 b5 48.Kg4 a5 49.Kf5 Ke7 50.Ke5
a4 51.h4 Kd7 52.h5 Ke7 53.g6 h6 54.g7 Kf7 55.Kd6 Kxg7 56.Kxc6 Kf6 57.d5 Ke7
58.Kc7
1-0

[Event "Landesjugendeinzelmeisterschaft M-V u18"]
[Site "Malchow 2024"]
[Date "2024.02.07"]
[Round "7.5"]
[White "Karff, Tom"]
[Black "Willam, Max Bastian"]
[Result "1/2-1/2"]
[WhiteElo "1446"]
[BlackElo "1455"]
[Time "08:30:00"]
[WhiteTeam "SG GÃ¼strow/Teterow"]
[BlackTeam "SSC Rostock 07"]

1.e4 e5 2.Nf3 Nc6 3.Bc4 Nf6 4.Ng5 d5 5.exd5 b5 6.Bf1 Qxd5 7.Nc3 Qd8 8.Bxb5 Bd7
9.Bc4 Qe7 10.d3 h6 11.Nge4 Na5 12.Bb3 Nxb3 13.axb3 Nxe4 14.Nxe4 f5 15.Nc3 Bc6
16.Qh5+ Qf7 17.Qxf7+ Kxf7 18.f3 Bc5 19.Na4 Bb6 20.Ke2 g5 21.Be3 Kf6 22.Bxb6 axb6
23.Nc3 h5 24.Kf2 g4 {(=)} 25.Rhg1 Kg5 26.Rxa8 Rxa8
1/2-1/2

[Event "Landesjugendeinzelmeisterschaft M-V u18"]
[Site "Malchow 2024"]
[Date "2024.02.07"]
[Round "7.6"]
[White "Schulz, Bruno Andreas"]
[Black "WellÃŸow, Keoki"]
[Result "1-0"]
[WhiteElo "1737"]
[BlackElo "1599"]
[Time "08:30:00"]
[WhiteTeam "TuS Makkabi Rostock"]
[BlackTeam "HSG Stralsund"]

1.d4 Nf6 2.c4 d6 3.Nc3 g6 4.e4 Bg7 5.f3 O-O 6.Be3 Nbd7 7.Qd2 Re8 8.Nge2 e5 9.d5
a5 10.g4 h5 11.gxh5 Nxh5 12.Ng3 Nc5 13.Nxh5 gxh5 14.Bh6 Bf6 15.O-O-O Kh7 16.Be2
Rg8 17.Rdg1 Rg6 18.Be3 Qe7 19.f4 exf4 20.Bxf4 Bxc3 21.bxc3 Nxe4 22.Qe3 Bf5
23.Bxh5 Rxg1+ 24.Rxg1 Rg8 25.Rxg8 Kxg8 26.Bf3 Kf8 27.h4 Nf6 28.Qxe7+ Kxe7 29.Bg5
b6 30.Kd2 Bh7 31.Ke3 Bg6 32.Kf4 Bh7 33.Bg4 Bg6 34.h5 Bh7 35.Bf5
1-0

[Event "Landesjugendeinzelmeisterschaft M-V u18"]
[Site "Malchow 2024"]
[Date "2024.02.07"]
[Round "7.7"]
[White "Subocz, Gabriel"]
[Black "ThormÃ¤hlen, Tjark"]
[Result "0-1"]
[WhiteElo "1322"]
[BlackElo "1517"]
[Time "08:30:00"]
[WhiteTeam "SAV Torgelow-DrÃ¶geheide 90"]
[BlackTeam "SG GÃ¼strow/Teterow"]

1.e4 e5 2.Nf3 Nc6 3.Bc4 Bc5 4.c3 Nf6 5.d4 exd4 6.e5 d5 7.Bb5 Ne4 8.cxd4 Bb6
9.Bxc6+ bxc6 10.O-O Bf5 11.Nc3 O-O 12.Be3 Nxc3 13.bxc3 Rb8 14.Nd2 Bd3 15.Re1 Qc8
16.Nb3 Qa6 17.Qg4 Bg6 18.f4 Qd3 19.Rad1 Qf5 20.Qxf5 Bxf5 21.Rd2 a5 22.Nc5 Bxc5
23.dxc5 Rb7 24.h3 Rfb8 25.Ree2 a4 26.a3 Rb3 27.Bd4 Rxa3 28.Ra2 Rbb3 29.Rad2 Ra1+
30.Kf2 Rab1 31.Ra2 a3 32.Kg3 h6 33.Kh4 Rf1 34.Kg3 Bb1 35.Ra1 Rc1 36.Kf2 Rc2
37.Rxc2 Bxc2 38.Ke2 Bb1 39.Kd1 a2 40.Kc1 Kh7 41.f5 g6 42.f6 g5 43.g4 Kg6 44.e6
fxe6 45.Be5 Rb8 46.Kd1 h5 47.Ke1 hxg4 48.hxg4 Rh8 49.Kf2 Rh3 50.Bd4 Rd3 51.Be5
Rd1 52.Bd4 Rxd4 53.cxd4 Kxf6 54.Ke2 e5 55.dxe5+ Kxe5 56.Ke3 d4+ 57.Kf3 Kd5
0-1

[Event "Landesjugendeinzelmeisterschaft M-V u18"]
[Site "Malchow 2024"]
[Date "2024.02.07"]
[Round "7.8"]
[White "Steinhauser, Oskar"]
[Black "Mochtak, Maximilian"]
[Result "1/2-1/2"]
[WhiteElo "1166"]
[BlackElo "1078"]
[Time "08:30:00"]
[WhiteTeam "SSC Rostock 07"]
[BlackTeam "TuS Makkabi Rostock"]

1.e4 c5 2.c3 e6 3.d4 cxd4 4.cxd4 Nc6 5.Nc3 a6 6.Bf4 d5 7.Nf3 b5 8.Bd3 Bb7 9.O-O
g6 10.exd5 exd5 11.Re1+ Nge7 12.a3 Bg7 13.Bc2 O-O 14.Qd2 Qd7 15.Bh6 Nf5 16.Bxf5
Qxf5 17.Bxg7 Kxg7 18.Ne5 Rad8 19.Nxc6 Bxc6 20.Re7 Rfe8 21.Rae1 Rxe7 22.Rxe7 Re8
23.Ra7 Ra8
1/2-1/2

[Event "Landesjugendeinzelmeisterschaft M-V u18"]
[Site "Malchow 2024"]
[Date "2024.02.07"]
[Round "7.9"]
[White "Quade, Luca"]
[Black "Janssen, Joris Frederik"]
[Result "1/2-1/2"]
[WhiteElo "1195"]
[BlackElo "1606"]
[Time "08:30:00"]
[WhiteTeam "TuS Makkabi Rostock"]
[BlackTeam "TuS Makkabi Rostock"]

1.e4 c5 2.Nf3 d6 3.d4 cxd4 4.Nxd4 g6 5.c4 Bg7 6.Be3 Nf6 7.Nc3 O-O 8.Be2 Nc6
9.O-O Bd7 10.Qd2 a6 11.Rad1 Rc8 12.Nxc6 Bxc6 13.f3 Qd7 14.Bh6 Rfd8 15.Bxg7 Kxg7
16.Nd5 Bxd5 17.cxd5 Rc7 18.Qe3 Rdc8 19.Bd3 Qd8 20.f4 Nd7 21.b4 Rc3 22.Qd4+ f6
23.Rf3 Qb6 24.Qxb6 Nxb6 25.Re1 Ra3 26.Bb1 Rcc3 27.Rxc3 Rxc3 28.Kf2 Nc4 29.Rd1
Kf7 30.Ke2 Na3 31.Bd3 Nc4 32.Rb1 Na3 33.Rb3 Rxb3 34.axb3 Nb5 35.Bxb5 axb5
1/2-1/2

[Event "Offene LJ-Einzelmeisterschaft M-V u25"]
[Site "Malchow 2024"]
[Date "2024.02.07"]
[Round "7.1"]
[White "Markovych, Leonid"]
[Black "Wilke, Finja"]
[Result "1-0"]
[WhiteElo "1428"]
[BlackElo "1232"]
[Time "08:30:00"]
[WhiteTeam "TuS Makkabi Rostock"]
[BlackTeam "SAV Torgelow-DrÃ¶geheide 90"]

1.e4 g6 2.d4 Bg7 3.c4 e6 4.Nc3 Ne7 5.Be3 b6 6.Bd3 Bb7 7.f3 d6 8.Nge2 Nd7 9.Qd2
h6 10.h4 Nc6 11.O-O-O Qe7 12.g4 a6 13.f4 O-O-O 14.h5 e5 15.fxe5 dxe5 16.d5 Nd4
17.Rdf1 g5 18.Bb1 c5 19.dxc6 Nxe2+ 20.Qxe2 Bxc6 21.Nd5 Bxd5 22.cxd5 Nc5 23.Bxc5
Qxc5+ 24.Bc2 Kb7 25.Rxf7+ Kb8 26.Qxa6
1-0

[Event "Offene LJ-Einzelmeisterschaft M-V u25"]
[Site "Malchow 2024"]
[Date "2024.02.07"]
[Round "7.2"]
[White "JÃ¤hnert, Jamie Mares"]
[Black "Fromm, Robert"]
[Result "0-1"]
[WhiteElo "1172"]
[BlackElo "1488"]
[Time "08:30:00"]
[WhiteTeam "HSG Stralsund"]
[BlackTeam "ASV GrÃ¼n-WeiÃŸ Wismar"]

1.e4 c6 2.d4 d5 3.exd5 cxd5 4.Nf3 Nf6 5.Be3 Bg4 6.Be2 e6 7.c3 Bd6 8.Nbd2 Qc7
9.h3 Bh5 10.Rc1 O-O 11.c4 Qe7 12.c5 Bc7 13.b4 b6 14.c6 Qxb4 15.Qb3 a5 16.O-O Qd6
17.Bb5 Ne4 18.g4 Bg6 19.Kg2 Nxd2 20.Bxd2 Be4 21.Rh1 f5 22.g5 e5 23.Qc3 exd4
24.Qxd4 Na6 25.Bc3 Rf7 26.h4 f4 27.Rh3 Qe6 28.Rch1 Qg4+ 29.Kf1 Bxf3 30.Rxf3 Qxf3
31.Rg1 Qh3+ 32.Ke1 Re8+ 33.Kd2 Nc5 34.Kc2 Qf5+ 35.Bd3 Qxd3+ 36.Qxd3 Nxd3 37.Kxd3
0-1

[Event "Offene LJ-Einzelmeisterschaft M-V u25"]
[Site "Malchow 2024"]
[Date "2024.02.07"]
[Round "7.3"]
[White "Baerens, Lennart"]
[Black "Kunz, Chayenne"]
[Result "1-0"]
[WhiteElo "1039"]
[BlackElo "788"]
[Time "08:30:00"]
[WhiteTeam "SF Schwerin"]
[BlackTeam "ESV Waren"]

1.e4 e5 2.Nf3 Nc6 3.Bb5 Nf6 4.d3 Be7 5.O-O O-O 6.Re1 Bc5 7.h3 a6 8.Bxc6 bxc6
9.Nxe5 Bb7 10.Bg5 d6 11.Bxf6 Qxf6 12.d4 Bb6 13.Nd7 Qe7 14.Nxf8 Rxf8 15.c3 c5
16.d5 Qf6 17.Na3 c4 18.Qc2 c6 19.Nxc4 Bc7 20.Rad1 Qg6 21.Qd3 Rd8 22.Ne3 a5
23.dxc6 Bxc6 24.Nd5 Qh6 25.Ne7+ Kf8 26.Nxc6 Rd7 27.Nxa5 Bxa5 28.Qb5 Re7 29.Qxa5
Re5 30.Qd8+ Re8 31.Qxd6+ Qxd6 32.Rxd6 Ra8 33.a3 Ke7 34.e5 Rb8 35.b4 Rc8 36.Re3
Ra8 37.c4 f6 38.Rd5 Rc8 39.exf6+ Kxf6 40.Rd6+ Kf7 41.c5 Rc7 42.a4 Rb7 43.b5 Ra7
44.Ra6 Rxa6 45.bxa6 g5 46.a7 h5 47.a8=Q g4 48.Qd5+ Kf6 49.Re6+ Kf7 50.Qd7+ Kf8
51.Re8#
1-0

[Event "Offene LJ-Einzelmeisterschaft M-V u25"]
[Site "Malchow 2024"]
[Date "2024.02.07"]
[Round "7.6"]
[White "Fissler, Lieselotte"]
[Black "BÃ¼hrt, Charlie"]
[Result "1-0"]
[WhiteElo "857"]
[BlackElo "735"]
[Time "08:30:00"]
[WhiteTeam "SAV Torgelow-DrÃ¶geheide 90"]
[BlackTeam "ESV Waren"]

1.e4 e5 2.Nf3 Nc6 3.Nc3 Nf6 4.Bb5 Bb4 5.Bxc6 dxc6 6.Nxe5 Bxc3 7.bxc3 Nxe4 8.O-O
Qg5 9.d4 Qf6 10.Qe1 Bf5 11.f3 Nd6 12.Ng6+ Kd7 13.Nxh8 Rxh8 14.Bf4 Bxc2 15.Qe5
Qxe5 16.Bxe5 f6 17.Bxd6 cxd6 18.Rfe1 Bg6 19.Re3 Bf7 20.a3 Re8 21.Rxe8 Bxe8 22.a4
a5 23.Kf2 Kc7 24.Ke3 Bg6 25.g4 f5 26.g5 Kd7 27.f4 h5 28.h4 Bf7 29.Rb1 Kc7 30.Kd3
b6 31.c4 c5 32.dxc5 dxc5 33.Re1 g6
1-0